| 000 | 01082nam a2200265 i 4500 | ||
|---|---|---|---|
| 001 | bg | ||
| 100 | 1 | _aBOROWICZ, Tadeusz | |
| 245 | 1 | 0 |
_aMetoda elementów skończonych : _bpodstawy rozwiązywania konstrukcji prętowych : konspekt wykładów i ćwiczeń / _cTadeusz Borowicz, Michał Buczkowski, Waldemar Szaniec. |
| 260 |
_aKielce : _bDział Wydawnictw PŚ, _c1993 _e(Kiel. : _fPŚ). |
||
| 300 |
_a101 s. : _brys., wykr. ; _c24 cm. |
||
| 490 | 1 |
_aMateriały Pomocnicze i Informacyjne Politechniki Świętokrzyskiej, _x0239-6394 ; _vnr 32 |
|
| 650 | 9 |
_aMetoda elementów skończonych _xstosowanie _xtechnika |
|
| 650 | 9 |
_aPręty _xkonstrukcje _xmechanika |
|
| 650 | 9 |
_aRównania algebraiczne _xstosowanie _xtechnika |
|
| 655 | _aPodręczniki akademickie | ||
| 700 | 1 | _aBUCZKOWSKI, Michał | |
| 700 | 1 | _aSZANIEC, Waldemar | |
| 830 |
_aMateriały Pomocnicze i Informacyjne Politechniki Świętokrzyskiej, _x0239-6394 ; |
||
| 015 | _aPB 4159/93 | ||
| 040 | _cBPK | ||
| 041 | 0 | _apl | |
| 080 | _a624.01/.07:512.6](075.8) | ||
| 942 | _cKS | ||
| 008 | s pl f |000 0 pol | ||
| 999 |
_c6335 _d6335 |
||
| 856 |
_uhttp://koha.tu.koszalin.pl/cgi-bin/koha/opac-detail.pl?biblionumber=6335 _yKatalog online BPK |
||